002780000a22001090004500090001700000245004200017041001400059100003200073942001300105773003300118999001700151 aASbSeriadas10aAristoloquiáceas nuevas de Colombia0 aEspañol1 aUribe Uribe, Lorenzo996776 cARTICULO1 tCaldasiah31q33-38d1955g7 c15826d15826